|
|
|
|
| LEADER |
00000nam0a2200000 4500 |
| 001 |
151297 |
| 005 |
20231031150611.0 |
| 035 |
|
|
|a (RuTPU)RU\TPU\book\164039
|
| 035 |
|
|
|a RU\TPU\book\164037
|
| 090 |
|
|
|a 151297
|
| 100 |
|
|
|a 20090121d1979 m y0rusy50 ca
|
| 101 |
0 |
|
|a rus
|a eng
|
| 102 |
|
|
|a RU
|
| 105 |
|
|
|a a z 000zy
|
| 200 |
1 |
|
|a Ломоносов
|e [альбом на русском и английском языках]
|
| 210 |
|
|
|a Ленинград
|c Лениздат
|d 1979
|
| 215 |
|
|
|a 168 с.
|c ил.
|
| 610 |
1 |
|
|a пригороды
|
| 610 |
1 |
|
|a Ломоносов
|
| 610 |
1 |
|
|a альбомы
|
| 610 |
1 |
|
|a музеи
|
| 610 |
1 |
|
|a дворцы-музеи
|
| 610 |
1 |
|
|a парки
|
| 610 |
1 |
|
|a сады
|
| 675 |
|
|
|a 725
|v 3
|
| 801 |
|
1 |
|a RU
|b 63413507
|c 20090121
|g PSBO
|
| 801 |
|
2 |
|a RU
|b 63413507
|c 20090731
|g PSBO
|
| 942 |
|
|
|c BK
|